000 00538nam a2200205 a 4500
001 19324
003 CO-ViMGA
008 141112s2004 ck r 000 u spa d
020 _a8477021139
040 _aCO-ViMGA
_bspa
_cCO-ViMGA
082 0 4 _a823.8 S738e
100 1 _aStevenson, Robert Louis
_915850
245 1 0 _aEn los mares del sur
260 _aMadrid :
_bValdemar; 1999
300 _a372 p.
490 _aEl Club Diógenes
590 _aForma de adquisición : Premio Mincultura
650 1 4 _aNOVELA INGLESA
942 _2ddc
_cBK
999 _c28482
_d28482